| 000 | 00414nam a22001337a 4500 | ||
|---|---|---|---|
| 999 |
_c15710 _d15710 |
||
| 008 | 201103b ||||| |||| 00| 0 eng d | ||
| 082 |
_21980 _aDFil 657 _bP26 |
||
| 100 |
_aPasion, D.S. _942500 |
||
| 245 |
_aAccounting: _b introductory. Part 1/ _cD.S. Pasion |
||
| 260 |
_aQuezon City: _bAlemar Phoenix Pub., _c©1980. |
||
| 300 |
_avii, 363 pages; _c 22 cm. |
||
| 650 |
_aAccounting. _942501 |
||
| 942 |
_2ddc _cDFIL |
||